Datum a čas kvízu
39.5
Celkem bodů
Celkový počet nahraných bodů na tomto kvízu bez doplňovacích otázek.
3.
Pořadí na kvízu
Konečné umístění týmu na tomto kvízu.
Zaznamenané odpovědi
| # | Otázka | Odpověď | Body | Výsledky |
|---|---|---|---|---|
| 1. | K razantnímu kroku přistoupila... | tepláky a crop topy (krátká trika) | 1 | |
| 2. | Polák Andrzej Bargiel je po ce... | Mount Everest | 1 | |
| 3. | Menší studio Voodoo Kollektiv... | Jiří Kára | 1 | |
| 4. | Na jedné technické univerzitě... | Ostrava | 1 | |
| 5. | Jak se jmenuje nový držitel pr... | Ousmane Dembélé | 1 | |
| 6. | Gesto, které vidíme na obrázku... | 1B 2C 3A 4D | 1 | |
| 7. | Gesto na obrázku znamená v mno... | o stoletou válku | 1 | |
| 8. | Sheldon Cooper v Teorii velkéh... | papír a tapír (ještěr) | 0.5 | |
| 9. | Která dvě písmena české dvouru... | CH, R | 0.5 | |
| 10. | Na výřezu z obrazu francouzské... | paroháč (že je mu žena nevěrná) | 0 |